000 00413nam a22001577a 4500
999 _c901
_d901
008 191230b ||||| |||| 00| 0 eng d
082 0 0 _a621.43
_bK416
100 _9121
_aKersey, A. T. J.
245 1 0 _aInternal combustion engines
_cby A T J Kersey
250 _a3rd
260 _aLondon
_bBlackie & Son Ltd.
_c1949
300 _aviii,487p.
365 _b14.10
650 0 _aInternal Combustion Engines
942 _cBK